[Event "P.Keres memorial (rapid)"]
[Site "Tallinn"]
[Date "2000.01.22"]
[Round "1"]
[White "Shirov, Aleksei"]
[Black "Rytshagov, Mihhail"]
[Result "1/2-1/2"]
[WhiteElo "2751"]
[BlackElo "2542"]
[PlyCount "21"]
[EventDate "2000.01.22"]

1. d4 Nf6 2. c4 e6 3. Nf3 Bb4+ 4. Nbd2 b6 5. a3 Bxd2+ 6. Qxd2 Bb7 7. b3 d6 8.
Bb2 Nbd7 9. e3 Ne4 10. Qc2 f5 11. O-O-O 1/2-1/2

[Event "P.Keres memorial (rapid)"]
[Site "Tallinn"]
[Date "2000.01.22"]
[Round "2"]
[White "Sveshnikov, Jevgeni"]
[Black "Rytshagov, Mihhail"]
[Result "1-0"]
[WhiteElo "2541"]
[BlackElo "2542"]
[PlyCount "89"]
[EventDate "2000.01.22"]

1. e4 e5 2. Nf3 Nf6 3. d4 Nxe4 4. dxe5 d5 5. Nbd2 Nc6 6. Nxe4 dxe4 7. Qxd8+
Nxd8 8. Nd4 Bc5 9. Be3 O-O 10. Bc4 Bxd4 11. Bxd4 Be6 12. Bb5 a6 13. Be2 Nc6 14.
O-O-O Rfe8 15. Bc3 Rad8 16. f4 exf3 17. Bxf3 h6 18. b3 Bf5 19. Rxd8 Rxd8 20.
Rf1 Be6 21. Bxc6 bxc6 22. Rf4 Rb8 23. Ra4 Ra8 24. Ba5 Rc8 25. g3 Kh7 26. Rb4
Kg6 27. Rb7 Kf5 28. Bxc7 Ra8 29. Rb4 Bd5 30. Rf4+ Ke6 31. c4 Bh1 32. Bd6 Rc8
33. Rd4 c5 34. Rd1 Bb7 35. Rd2 Be4 36. Kb2 Rc6 37. Re2 Bf3 38. Rf2 Be4 39. Kc3
Bb1 40. a3 a5 41. Bf8 Kxe5 42. Bxg7+ Ke6 43. Rf6+ Kd7 44. Rxc6 Kxc6 45. Bxh6
1-0

[Event "P.Keres memorial (rapid)"]
[Site "Tallinn"]
[Date "2000.01.22"]
[Round "3"]
[White "Shirov, Aleksei"]
[Black "Rausis, Igors"]
[Result "0-1"]
[WhiteElo "2751"]
[BlackElo "2486"]
[PlyCount "80"]
[EventDate "2000.01.22"]

1. e4 c6 2. d4 d5 3. e5 Bf5 4. Nc3 e6 5. g4 Bg6 6. Nge2 Ne7 7. Nf4 c5 8. h4
cxd4 9. Nb5 Nec6 10. h5 Be4 11. f3 g5 12. fxe4 dxe4 13. Nh3 h6 14. c3 dxc3 15.
Qxd8+ Kxd8 16. Bg2 Nxe5 17. Bxe4 Nbc6 18. Be3 Nxg4 19. O-O-O+ Ke7 20. Bc5+ Kf6
21. Rhf1+ Kg7 22. Rd7 cxb2+ 23. Kb1 Nge5 24. Bxf8+ Rhxf8 25. Rxb7 Rab8 26. Bxc6
Nxc6 27. Rc7 Rxb5 28. Rxc6 Rb4 29. Rd1 g4 30. Nf2 Kf6 31. Nd3 Rd4 32. Rf1+ Kg5
33. Nc5 Rf4 34. Rg1 Rd8 35. Rxe6 Rd5 36. Ne4+ Kf5 37. Re7 Rd4 38. Ng3+ Kf6 39.
Rxa7 Rf3 40. a4 Kg5 0-1

[Event "P.Keres memorial (rapid)"]
[Site "Tallinn"]
[Date "2000.01.22"]
[Round "3"]
[White "Rytshagov, Mihhail"]
[Black "Miezis, Normunds"]
[Result "1/2-1/2"]
[WhiteElo "2542"]
[BlackElo "2481"]
[PlyCount "61"]
[EventDate "2000.01.22"]

1. e4 c5 2. Nf3 e6 3. d4 cxd4 4. Nxd4 a6 5. Bd3 Nc6 6. Nxc6 dxc6 7. Nd2 e5 8.
Nc4 Be6 9. O-O Bxc4 10. Bxc4 Qxd1 11. Rxd1 Bc5 12. Kf1 Nf6 13. f3 Ke7 14. Bd2
Nd7 15. b4 Bd4 16. c3 Bb6 17. a4 Rhd8 18. a5 Ba7 19. Ke2 Nf8 20. Be1 Ne6 21. g3
f6 22. Rxd8 Rxd8 23. Rd1 Rxd1 24. Kxd1 g5 25. Ke2 h5 26. Bd2 Kd6 27. h3 Kd7 28.
Kd3 Bf2 29. Bxe6+ Kxe6 30. g4 h4 31. c4 1/2-1/2

[Event "P.Keres memorial (rapid)"]
[Site "Tallinn"]
[Date "2000.01.23"]
[Round "4"]
[White "Sveshnikov, Jevgeni"]
[Black "Miezis, Normunds"]
[Result "1-0"]
[WhiteElo "2541"]
[BlackElo "2481"]
[PlyCount "87"]
[EventDate "2000.01.22"]

1. e4 c5 2. c3 d5 3. exd5 Qxd5 4. d4 g6 5. Nf3 Bg7 6. Be3 cxd4 7. cxd4 Nf6 8.
Nc3 Qd6 9. Qd2 O-O 10. Be2 Nc6 11. O-O Rd8 12. Rfd1 Be6 13. h3 Nd5 14. Bg5 f6
15. Bh4 Bf7 16. Bg3 Qb4 17. Rac1 Rac8 18. a3 Qa5 19. Bc4 Nxc3 20. Bxf7+ Kxf7
21. bxc3 e6 22. Qa2 Ne7 23. c4 Bh6 24. Rb1 Qa6 25. d5 Kg8 26. d6 Nf5 27. c5 Kf7
28. Nd4 Nxd4 29. Rxd4 Rxc5 30. Re1 Re8 31. d7 Rd8 32. Bd6 Re5 33. Rxe5 fxe5 34.
Bxe5 Qb5 35. Bf4 Bg7 36. Rd6 Qf5 37. Qd2 Bf6 38. Rd3 Qc5 39. Be3 Qc6 40. Bxa7
Ke7 41. Qh6 Rxd7 42. Qxh7+ Kd8 43. Qg8+ Kc7 44. Qb8# 1-0

[Event "P.Keres memorial (rapid)"]
[Site "Tallinn"]
[Date "2000.01.23"]
[Round "4"]
[White "Rausis, Igors"]
[Black "Rytshagov, Mihhail"]
[Result "1-0"]
[WhiteElo "2486"]
[BlackElo "2542"]
[PlyCount "145"]
[EventDate "2000.01.22"]

1. Nf3 c5 2. c4 Nc6 3. Nc3 e5 4. g3 g6 5. Bg2 Bg7 6. Rb1 d6 7. O-O Nge7 8. d3
O-O 9. Ne1 Be6 10. Nc2 d5 11. cxd5 Nxd5 12. Ne4 b6 13. Ng5 Bc8 14. Ne3 Nxe3 15.
Bxe3 Bb7 16. a3 Qd7 17. b4 cxb4 18. axb4 Rad8 19. b5 Nd4 20. Bxb7 Qxb7 21. Bxd4
Rxd4 22. Qb3 Bh6 23. Nf3 Rd5 24. Ra1 Rc5 25. Ra4 Rfc8 26. Rfa1 Rc1+ 27. Rxc1
Rxc1+ 28. Kg2 Bg7 29. Rc4 Rxc4 30. Qxc4 Kf8 31. e4 Ke8 32. Nd2 Bf8 33. Nb1 Bc5
34. Nc3 Qe7 35. Nd5 Qg5 36. Qa2 Kf8 37. Qxa7 Kg7 38. Qa1 Bd4 39. Qd1 h5 40. h4
Qd8 41. Qf3 Qd6 42. g4 hxg4 43. Qxg4 Qd8 44. h5 Qd6 45. hxg6 fxg6 46. Qg5 Qf8
47. Qe7+ Qxe7 48. Nxe7 Kf7 49. Nd5 Ke6 50. f4 exf4 51. Nxf4+ Kf6 52. Kf3 Bc5
53. Ne2 Ke5 54. Kg4 Be7 55. Kg3 Bc5 56. Kf3 g5 57. Kg3 Bb4 58. Kg4 Bd2 59. Kf3
Bb4 60. d4+ Ke6 61. Ng3 Bc3 62. Nf5 Bb2 63. Kg4 Kf6 64. Kf3 Ke6 65. Ke3 Bc1+
66. Kd3 g4 67. Ne3 g3 68. Ng2 Bg5 69. Ke2 Bf6 70. Ke3 Bg7 71. Nf4+ Kd6 72. e5+
Kc7 73. Ne6+ 1-0

[Event "P.Keres memorial (rapid)"]
[Site "Tallinn"]
[Date "2000.01.23"]
[Round "5"]
[White "Rytshagov, Mihhail"]
[Black "Ehlvest, Jaan"]
[Result "1/2-1/2"]
[WhiteElo "2542"]
[BlackElo "2622"]
[PlyCount "54"]
[EventDate "2000.01.22"]

1. e4 d6 2. d4 g6 3. Nf3 Nf6 4. Nc3 Bg7 5. Be2 O-O 6. O-O c6 7. h3 Nbd7 8. e5
Ne8 9. Bf4 dxe5 10. dxe5 Nc7 11. Bg3 Ne6 12. Qd3 Qc7 13. Qe4 b6 14. Rfe1 Bb7
15. Bf1 Rad8 16. Qh4 Rfe8 17. Ne4 Qc8 18. Neg5 Ndf8 19. Bc4 h6 20. Nxe6 Nxe6
21. Rad1 b5 22. Bf1 a6 23. Qe4 c5 24. Qe3 Rxd1 25. Rxd1 Rd8 26. Rxd8+ Qxd8 27.
c3 Qd1 1/2-1/2

[Event "P.Keres memorial (rapid)"]
[Site "Tallinn"]
[Date "2000.01.23"]
[Round "6"]
[White "Sveshnikov, Jevgeni"]
[Black "Rausis, Igors"]
[Result "1-0"]
[WhiteElo "2541"]
[BlackElo "2486"]
[PlyCount "81"]
[EventDate "2000.01.22"]

1. e4 c6 2. d4 d5 3. exd5 cxd5 4. c4 Nf6 5. Nc3 e6 6. Nf3 Bb4 7. cxd5 Nxd5 8.
Bd2 O-O 9. Bd3 Nd7 10. Nxd5 Bxd2+ 11. Qxd2 exd5 12. O-O Nf6 13. Rfe1 Qb6 14. h3
Bd7 15. Ne5 Bb5 16. Bc2 Rac8 17. Rad1 Rc7 18. Re3 h6 19. Rde1 Rd8 20. Rg3 Ne8
21. Bb1 Kf8 22. Rb3 Qa6 23. Qf4 Nd6 24. Ng6+ Kg8 25. Ne7+ Kf8 26. Ra3 Rxe7 27.
Rxe7 Kxe7 28. Rxa6 Bxa6 29. Qe5+ Kf8 30. Qxd5 Bc4 31. Qc5 a6 32. Be4 Bxa2 33.
Bxb7 Kg8 34. Bxa6 Be6 35. Bd3 Ne8 36. b4 Rc8 37. Qe5 Nf6 38. b5 Rc3 39. Bf5
Bxf5 40. Qxf5 Rb3 41. Qc8+ 1-0

[Event "P.Keres memorial (rapid)"]
[Site "Tallinn"]
[Date "2000.01.23"]
[Round "7"]
[White "Rausis, Igors"]
[Black "Ehlvest, Jaan"]
[Result "1/2-1/2"]
[WhiteElo "2486"]
[BlackElo "2622"]
[PlyCount "23"]
[EventDate "2000.01.22"]

1. d4 Nf6 2. c4 g6 3. Nf3 Bg7 4. g3 d5 5. cxd5 Nxd5 6. Bg2 Nb6 7. O-O Nc6 8.
Nc3 Nxd4 9. Nxd4 Qxd4 10. Qxd4 Bxd4 11. Nb5 Be5 12. Bf4 1/2-1/2

[Event "Tallinn (w)"]
[Site "Tallinn"]
[Date "2000.01.22"]
[Round "1"]
[White "Rause, Olita"]
[Black "Piarnpuu, Leili"]
[Result "0-1"]
[WhiteElo "2249"]
[BlackElo "2214"]
[PlyCount "44"]
[EventDate "2000.01.22"]

1. e4 e5 2. Nf3 Nc6 3. Be2 Nf6 4. d3 Be7 5. c3 O-O 6. O-O d5 7. Nbd2 h6 8. h3
Be6 9. Re1 dxe4 10. dxe4 a6 11. Qc2 Qd7 12. Nc4 Bxc4 13. Bxc4 Rad8 14. Be3 Bd6
15. Rad1 Rfe8 16. Nh4 Na5 17. Be2 Qc6 18. Bf3 Nc4 19. Bc1 Bc5 20. Nf5 Nd6 21.
g4 Nxf5 22. exf5 Qxf3 0-1

[Event "Tallinn (w)"]
[Site "Tallinn"]
[Date "2000.01.22"]
[Round "1"]
[White "Stepovaja-Djanchenko, Tatjana"]
[Black "Cmilyte, Viktorija"]
[Result "1/2-1/2"]
[WhiteElo "2420"]
[BlackElo "2329"]
[PlyCount "97"]
[EventDate "2000.01.22"]

1. e4 c5 2. d3 Nc6 3. f4 g6 4. g3 Bg7 5. Bg2 d6 6. Nf3 e6 7. O-O Nge7 8. c3 O-O
9. Be3 f5 10. Re1 b6 11. exf5 exf5 12. Qb3+ d5 13. d4 c4 14. Qc2 Kh8 15. Nbd2
Qd6 16. Ne5 b5 17. b3 Be6 18. Ndf3 Bg8 19. Bc1 Rac8 20. bxc4 bxc4 21. a4 Qd8
22. Ba3 Re8 23. Ng5 Nxe5 24. fxe5 Nc6 25. Nh3 Rb8 26. Nf4 Rb3 27. Bd6 Qa5 28.
Rec1 Rd8 29. Kh1 Rd7 30. Ra2 Rdb7 31. e6 Rxc3 32. Qxc3 Qxc3 33. Rxc3 Rb1+ 34.
Bf1 Rxf1+ 35. Kg2 Re1 36. Re2 Rxe2+ 37. Nxe2 Bxe6 38. Bc5 Kg8 39. Rc1 Kf7 40.
Rb1 Bc8 41. Nf4 Nxd4 42. Rb8 Ba6 43. Nxd5 Nc6 44. Rb1 Na5 45. Re1 Bb7 46. Re7+
Kg8 47. Re8+ Kf7 48. Re7+ Kg8 49. Re8+ 1/2-1/2

[Event "Tallinn (w)"]
[Site "Tallinn"]
[Date "2000.01.22"]
[Round "1"]
[White "Reizniece, Dana"]
[Black "Fomina, Tatjana"]
[Result "1/2-1/2"]
[WhiteElo "2259"]
[BlackElo "2289"]
[PlyCount "79"]
[EventDate "2000.01.22"]

1. c4 e6 2. Nf3 f5 3. g3 Nf6 4. Bg2 Be7 5. Nc3 O-O 6. O-O Qe8 7. d3 d6 8. b3 e5
9. Bb2 a6 10. Nd5 Bd8 11. Rc1 c6 12. Nxf6+ Bxf6 13. Qd2 h6 14. Bc3 Qe7 15. Qb2
Nd7 16. b4 Re8 17. a4 Nf8 18. a5 Bd7 19. Rfe1 Ng6 20. Nd2 Bg5 21. e3 Bf6 22. f4
Rad8 23. Nf3 Bc8 24. b5 axb5 25. cxb5 cxb5 26. Qxb5 Kh8 27. Qb6 Be6 28. fxe5
dxe5 29. Bb4 Qd7 30. Rc7 Qxd3 31. Qxb7 Bd5 32. Qa7 Rb8 33. Bc3 Rb1 34. Rxb1
Qxb1+ 35. Kf2 Qa2+ 36. Nd2 Bxg2 37. Kxg2 Rd8 38. Rd7 Rc8 39. Rc7 Rd8 40. Rd7
1/2-1/2

[Event "Tallinn (w)"]
[Site "Tallinn"]
[Date "2000.01.22"]
[Round "2"]
[White "Zatonskihh, Anna"]
[Black "Fomina, Tatjana"]
[Result "1/2-1/2"]
[WhiteElo "2336"]
[BlackElo "2289"]
[PlyCount "103"]
[EventDate "2000.01.22"]

1. e4 c5 2. g3 Nc6 3. Bg2 g6 4. d3 Bg7 5. f4 e6 6. Nf3 Nge7 7. c3 d6 8. O-O b5
9. d4 cxd4 10. cxd4 Qb6 11. Be3 e5 12. Bf2 exd4 13. Nbd2 Bg4 14. h3 Bxf3 15.
Nxf3 Rd8 16. Qd2 O-O 17. Rfd1 d5 18. e5 Nf5 19. Nxd4 Ncxd4 20. Bxd4 Nxd4 21.
Qxd4 Qa5 22. Bxd5 Rd7 23. Qe4 Kh8 24. Rd3 Rc8 25. Rad1 Rdc7 26. Bb3 Bf8 27. Kg2
Qb6 28. Qd4 Qxd4 29. Rxd4 Kg7 30. Rd7 Be7 31. g4 f6 32. Be6 Rc2+ 33. Kf3 R8c7
34. Bb3 R2c5 35. R1d6 fxe5 36. fxe5 Kh6 37. Rxc7 Rxc7 38. Re6 Kg5 39. Kg3 a5
40. h4+ Kh6 41. a4 bxa4 42. Bxa4 Kg7 43. Ra6 Bb4 44. g5 h6 45. Be8 Re7 46. Bxg6
hxg5 47. hxg5 Rxe5 48. Kg4 Re2 49. Bf5 Rg2+ 50. Kf4 Bd2+ 51. Ke4 Rxg5 52. Ra7+
1/2-1/2

[Event "Tallinn (w)"]
[Site "Tallinn"]
[Date "2000.01.22"]
[Round "2"]
[White "Cmilyte, Viktorija"]
[Black "Reizniece, Dana"]
[Result "0-1"]
[WhiteElo "2329"]
[BlackElo "2259"]
[PlyCount "93"]
[EventDate "2000.01.22"]

1. d4 Nf6 2. c4 g6 3. Nc3 Bg7 4. f3 O-O 5. e4 d6 6. Nge2 Nbd7 7. Be3 a6 8. Ng3
c5 9. d5 Ne5 10. Be2 Qa5 11. Qd2 b5 12. cxb5 axb5 13. Nxb5 Bd7 14. Nc3 Rfb8 15.
O-O Qb4 16. b3 e6 17. Rac1 exd5 18. exd5 Re8 19. Rfd1 Bf5 20. Nxf5 gxf5 21. Bf2
Kh8 22. Qg5 f4 23. Be1 Qb7 24. Qxf4 Qe7 25. Bf2 Ng6 26. Qd2 Nh5 27. Bb5 Rg8 28.
Re1 Be5 29. Ne4 Ngf4 30. Ng3 Qg5 31. Rcd1 Nf6 32. Rxe5 dxe5 33. d6 h5 34. Be3
h4 35. Bxf4 exf4 36. Ne4 Nxe4 37. fxe4 h3 38. Bf1 hxg2 39. Bc4 Qf6 40. Qf2 Rad8
41. Qxc5 Rg5 42. Qf2 Re5 43. Bd5 Rxd6 44. Rc1 f3 45. a4 Qf4 46. Re1 Rh6 47. Qg3
0-1

[Event "Tallinn (w)"]
[Site "Tallinn"]
[Date "2000.01.22"]
[Round "2"]
[White "Piarnpuu, Leili"]
[Black "Stepovaja-Djanchenko, Tatjana"]
[Result "1/2-1/2"]
[WhiteElo "2214"]
[BlackElo "2420"]
[PlyCount "106"]
[EventDate "2000.01.22"]

1. d4 d5 2. Nf3 e6 3. c4 c6 4. Qc2 dxc4 5. Qxc4 Nf6 6. g3 b5 7. Qc2 Bb7 8. Bg2
Nbd7 9. Nc3 a6 10. O-O c5 11. dxc5 Bxc5 12. Bg5 Qb6 13. a3 Rc8 14. Qb3 O-O 15.
Rad1 h6 16. Bf4 Nd5 17. Nxd5 Bxd5 18. Qd3 Nf6 19. Ne5 Rfd8 20. Bxd5 Rxd5 21.
Qf3 Bd4 22. Nd3 e5 23. e4 Rdd8 24. Bxe5 Bxe5 25. Nxe5 Qe6 26. Qf5 Re8 27. Nf3
Qxe4 28. Qxe4 Rxe4 29. Rd2 Rec4 30. Rfd1 Ne4 31. Re2 Rc1 32. Rxc1 Rxc1+ 33. Kg2
Nd6 34. Ne5 f6 35. Nd3 Rd1 36. Nc5 a5 37. b3 Kf7 38. Rc2 Ra1 39. a4 b4 40. Rd2
Rc1 41. Rxd6 Rxc5 42. Ra6 Kg6 43. Ra7 f5 44. h4 h5 45. Kf3 Rc3+ 46. Kf4 Rxb3
47. Rxa5 Rb2 48. Ra6+ Kh7 49. f3 Rb3 50. Rb6 g6 51. a5 Kh6 52. a6 Ra3 53. Rxb4
Rxa6 1/2-1/2

[Event "Tallinn (w)"]
[Site "Tallinn"]
[Date "2000.01.22"]
[Round "3"]
[White "Rause, Olita"]
[Black "Zatonskihh, Anna"]
[Result "1-0"]
[WhiteElo "2249"]
[BlackElo "2336"]
[PlyCount "87"]
[EventDate "2000.01.22"]

1. e4 e6 2. d4 d5 3. Nc3 Nf6 4. e5 Nfd7 5. f4 c5 6. Nf3 a6 7. Be3 Qb6 8. Rb1
Nc6 9. dxc5 Bxc5 10. Bxc5 Qxc5 11. Qd2 b5 12. Bd3 f6 13. exf6 Nxf6 14. Qf2 Qd6
15. Ne2 O-O 16. O-O b4 17. Nfd4 Bd7 18. Nxc6 Bxc6 19. Qd4 Bb5 20. Rbc1 Rac8 21.
Kh1 Ng4 22. h3 Nh6 23. Rfe1 Nf5 24. Qf2 Rc7 25. Bxb5 axb5 26. c3 Rcf7 27. g4
Ne7 28. Qe3 Ng6 29. cxb4 Kh8 30. Rc5 Nxf4 31. Nd4 Rf6 32. Rxb5 Ng6 33. Nxe6 Re8
34. Rb6 Qd7 35. g5 Rf5 36. Qd3 Re5 37. Rxe5 Nxe5 38. Qf5 Ng6 39. h4 Nxh4 40.
Qg4 Ng6 41. Kh2 d4 42. Kh3 d3 43. Nf4 Qxg4+ 44. Kxg4 1-0

[Event "Tallinn (w)"]
[Site "Tallinn"]
[Date "2000.01.22"]
[Round "3"]
[White "Reizniece, Dana"]
[Black "Piarnpuu, Leili"]
[Result "1/2-1/2"]
[WhiteElo "2259"]
[BlackElo "2214"]
[PlyCount "40"]
[EventDate "2000.01.22"]

1. c4 e5 2. Nc3 Nc6 3. g3 g6 4. Bg2 Bg7 5. d3 d6 6. Rb1 a5 7. a3 f5 8. e3 Nf6
9. Nge2 O-O 10. O-O Be6 11. Nd5 Qd7 12. b4 axb4 13. axb4 Nd8 14. Bb2 Rb8 15. b5
c6 16. bxc6 bxc6 17. Nxf6+ Bxf6 18. Qa4 c5 19. Qa6 d5 20. cxd5 Bxd5 1/2-1/2

[Event "Tallinn (w)"]
[Site "Tallinn"]
[Date "2000.01.22"]
[Round "3"]
[White "Fomina, Tatjana"]
[Black "Cmilyte, Viktorija"]
[Result "0-1"]
[WhiteElo "2289"]
[BlackElo "2329"]
[PlyCount "111"]
[EventDate "2000.01.22"]

1. e4 c5 2. Nf3 d6 3. c3 Nf6 4. Bc4 e6 5. Qe2 Be7 6. Bb3 O-O 7. O-O b6 8. d3
Bb7 9. Rd1 Nbd7 10. Nbd2 a5 11. Nf1 a4 12. Bc2 Ne5 13. h3 Qc7 14. N3h2 c4 15.
d4 Nd3 16. Ng3 Nxc1 17. Raxc1 e5 18. d5 Rfe8 19. Nf5 Bf8 20. Ng4 Nxg4 21. hxg4
g6 22. Ne3 Rec8 23. g3 f6 24. f4 a3 25. b3 cxb3 26. Bxb3 Re8 27. Qf3 Qe7 28.
Bc2 Rac8 29. Bd3 Rc5 30. c4 Qc7 31. Rb1 Ra5 32. Rb3 Ba6 33. Rdb1 Rb8 34. Kg2
Bc8 35. Nc2 Bd7 36. Rxa3 Rxa3 37. Nxa3 Ra8 38. Rb3 Qc5 39. Be2 Qd4 40. Qe3 Qa1
41. Qd2 exf4 42. gxf4 f5 43. Rb1 Qg7 44. Nb5 fxe4 45. Nd4 Qe7 46. Nc6 Qf6 47.
Rxb6 Qh4 48. f5 Bh6 49. Qd4 Bf4 50. Qxe4 Qg3+ 51. Kf1 Re8 52. Rb8 Qh3+ 53. Qg2
Qxg2+ 54. Kxg2 Bxc6 55. Rxe8+ Bxe8 56. Kf3 0-1

[Event "Tallinn (w)"]
[Site "Tallinn"]
[Date "2000.01.23"]
[Round "4"]
[White "Zatonskihh, Anna"]
[Black "Cmilyte, Viktorija"]
[Result "0-1"]
[WhiteElo "2336"]
[BlackElo "2329"]
[PlyCount "107"]
[EventDate "2000.01.22"]

1. e4 c5 2. Nf3 Nc6 3. d4 cxd4 4. Nxd4 Nf6 5. Nc3 e5 6. Ndb5 d6 7. Bg5 a6 8.
Na3 b5 9. Nd5 Be7 10. Nxe7 Nxe7 11. Bd3 Bb7 12. Qe2 d5 13. Bxf6 gxf6 14. exd5
Nxd5 15. O-O-O Qe7 16. Be4 Nf4 17. Qf3 Bxe4 18. Qxe4 Rc8 19. g3 Ne6 20. f4 Nc5
21. Qf5 Qe6 22. Qxe6+ fxe6 23. fxe5 fxe5 24. Kb1 Ke7 25. c3 Rhf8 26. Rhf1 Rcd8
27. Nc2 Rxd1+ 28. Rxd1 Rf2 29. Rh1 e4 30. b3 e5 31. Kc1 Nd3+ 32. Kd1 e3 33.
Nxe3 Rxa2 34. Rf1 Rxh2 35. Rf5 Ke6 36. Rg5 Nf2+ 37. Kc1 Ne4 38. Rxe5+ Kxe5 39.
Ng4+ Kf5 40. Nxh2 Nxg3 41. Kd2 h5 42. Kd3 Ke5 43. c4 Kd6 44. cxb5 axb5 45. Kc3
h4 46. Kb4 Kc6 47. Nf3 h3 48. Nh2 Kb6 49. Kc3 Kc5 50. Kd3 Kb4 51. Kc2 Nf5 52.
Nf1 Nd4+ 53. Kb2 Nf3 54. Ka2 0-1

[Event "Tallinn (w)"]
[Site "Tallinn"]
[Date "2000.01.23"]
[Round "4"]
[White "Rause, Olita"]
[Black "Stepovaja-Djanchenko, Tatjana"]
[Result "0-1"]
[WhiteElo "2249"]
[BlackElo "2420"]
[PlyCount "74"]
[EventDate "2000.01.22"]

1. e4 d6 2. d4 Nf6 3. Bd3 e5 4. c3 Nc6 5. Nf3 Bg4 6. d5 Nb8 7. h3 Bh5 8. Nbd2
Nbd7 9. Qe2 Be7 10. Nf1 c6 11. c4 Nc5 12. Bc2 Bg6 13. Ng3 Nh5 14. Nxh5 Bxh5 15.
g4 Bg6 16. h4 h5 17. g5 cxd5 18. cxd5 Rc8 19. b4 Nd7 20. Be3 a6 21. Bd3 O-O 22.
Nd2 Qc7 23. O-O f6 24. f3 fxg5 25. hxg5 Qd8 26. Qg2 Rc3 27. Qe2 Bxg5 28. Rac1
Rxc1 29. Rxc1 Bf4 30. Bxf4 Rxf4 31. Qg2 Be8 32. Nc4 b5 33. Ne3 Qb6 34. Kf2 Qd4
35. Ke2 Nf6 36. Nf5 Rxf5 37. exf5 Nxd5 0-1

[Event "Tallinn (w)"]
[Site "Tallinn"]
[Date "2000.01.24"]
[Round "5"]
[White "Stepovaja-Djanchenko, Tatjana"]
[Black "Zatonskihh, Anna"]
[Result "1/2-1/2"]
[WhiteElo "2420"]
[BlackElo "2336"]
[PlyCount "71"]
[EventDate "2000.01.22"]

1. e4 e6 2. d3 d5 3. Qe2 Nf6 4. Nf3 Be7 5. g3 b6 6. e5 Nfd7 7. Bg2 c5 8. O-O
Bb7 9. c4 d4 10. Ne1 Bxg2 11. Kxg2 Qc7 12. f4 Nc6 13. Nd2 O-O-O 14. Ne4 f5 15.
exf6 gxf6 16. f5 e5 17. Bd2 h5 18. h3 Rdg8 19. a3 Nd8 20. b4 Nb7 21. Nc2 Nd6
22. Nxd6+ Bxd6 23. Qe4 Qb7 24. Rf3 Qxe4 25. dxe4 Kc7 26. b5 a5 27. Ne1 Bf8 28.
Nd3 Bh6 29. Bxh6 Rxh6 30. Nf2 Nf8 31. h4 Rh7 32. Kh3 Rhg7 33. Rg1 Rg4 34. Rd3
Kd6 35. Nxg4 Rxg4 36. Re1 1/2-1/2

[Event "Tallinn (w)"]
[Site "Tallinn"]
[Date "2000.01.24"]
[Round "5"]
[White "Reizniece, Dana"]
[Black "Rause, Olita"]
[Result "1-0"]
[WhiteElo "2259"]
[BlackElo "2249"]
[PlyCount "87"]
[EventDate "2000.01.22"]

1. c4 b6 2. Nf3 Bb7 3. g3 Bxf3 4. exf3 c5 5. d4 cxd4 6. Qxd4 Nc6 7. Qd2 Nf6 8.
Nc3 g6 9. b3 Bg7 10. Bb2 O-O 11. Bg2 Rc8 12. O-O d6 13. Rad1 Qc7 14. Rfe1 Rfe8
15. f4 a6 16. a4 Na5 17. Qc2 Qc5 18. Na2 Qh5 19. Bd4 b5 20. axb5 axb5 21. Bxf6
Bxf6 22. Rd5 Qg4 23. Rxb5 Nc6 24. Rb7 Nd4 25. Qd3 Rb8 26. h3 Qh5 27. Rxb8 Rxb8
28. b4 g5 29. fxg5 Qxg5 30. b5 Ne6 31. Nb4 Nc5 32. Qc2 e6 33. Nc6 Rb7 34. Rd1
Rd7 35. Kh2 Bg7 36. Qa2 f5 37. Qa8+ Bf8 38. b6 f4 39. Rb1 fxg3+ 40. fxg3 Rg7
41. g4 Qf4+ 42. Kh1 Ne4 43. Ne7+ Rxe7 44. Qxe4 1-0

[Event "Tallinn (w)"]
[Site "Tallinn"]
[Date "2000.01.23"]
[Round "5"]
[White "Cmilyte, Viktorija"]
[Black "Piarnpuu, Leili"]
[Result "1/2-1/2"]
[WhiteElo "2329"]
[BlackElo "2214"]
[PlyCount "67"]
[EventDate "2000.01.22"]

1. d4 e6 2. c4 f5 3. g3 Nf6 4. Bg2 c6 5. Nf3 d5 6. O-O Bd6 7. Bf4 Bxf4 8. gxf4
O-O 9. Nbd2 b6 10. Qc2 Bb7 11. e3 Qe7 12. cxd5 cxd5 13. Ne5 Rc8 14. Qa4 Nc6 15.
Rfc1 Nxe5 16. dxe5 Ne4 17. Nf3 Nc5 18. Qa3 a5 19. Nd4 Ba6 20. b3 g6 21. Qb2 Nd3
22. Rxc8+ Rxc8 23. Qd2 Kf7 24. a3 Qc5 25. Bf1 Qc3 26. Qxc3 Rxc3 27. b4 Bc4 28.
bxa5 bxa5 29. a4 Nc5 30. Nb5 Rc2 31. Nd4 Rc3 32. Nb5 Rc2 33. Nd4 Rc3 34. Nb5
1/2-1/2

[Event "Tallinn (w)"]
[Site "Tallinn"]
[Date "2000.01.23"]
[Round "6"]
[White "Zatonskihh, Anna"]
[Black "Piarnpuu, Leili"]
[Result "1-0"]
[WhiteElo "2336"]
[BlackElo "2214"]
[PlyCount "143"]
[EventDate "2000.01.22"]

1. e4 e5 2. Nf3 Nc6 3. Bb5 a6 4. Ba4 Nf6 5. O-O b5 6. Bb3 Be7 7. Re1 O-O 8. a4
Bb7 9. d3 d6 10. Nc3 b4 11. Ne2 Na5 12. Ba2 c5 13. Ng3 Bc8 14. c3 Rb8 15. d4 b3
16. Bb1 Qc7 17. h3 Re8 18. Bd3 exd4 19. cxd4 c4 20. Bf1 c3 21. Qd3 h6 22. Rb1
c2 23. Ra1 Bf8 24. Bd2 Nc6 25. d5 Ne5 26. Nxe5 dxe5 27. Qc4 Qxc4 28. Bxc4 Bb4
29. Nf1 Bc5 30. Bc3 Bb4 31. Bxb4 Rxb4 32. Nd2 Nd7 33. Bxb3 Nc5 34. Bxc2 Rxb2
35. Rec1 Bd7 36. f3 Reb8 37. Nc4 R2b4 38. Nxe5 Bxa4 39. Bxa4 Rxa4 40. Rxa4 Nxa4
41. Rc7 f6 42. Nc6 Rb1+ 43. Kh2 Rd1 44. Ne7+ Kf8 45. Nf5 Nb6 46. Nxg7 a5 47.
Ne6+ Ke8 48. Ra7 a4 49. Ra6 Rb1 50. Nc5 Rb4 51. Kg3 Ke7 52. Kf4 Nxd5+ 53. Kg4
Ne3+ 54. Kg3 Rb2 55. Rxa4 Rxg2+ 56. Kf4 Nf1 57. Rd4 Rf2 58. Nd3 Rd2 59. Rd5 Rh2
60. Ra5 Rxh3 61. Ra2 h5 62. Rf2 Nh2 63. Ke3 Ng4+ 64. Ke2 Nxf2 65. Kxf2 Rh2+ 66.
Kg3 Rd2 67. Nf4 Rd4 68. Nxh5 Rd3 69. Nf4 Rc3 70. Nd5+ Kd6 71. Nxc3 Ke5 72. Ne2
1-0

[Event "Tallinn (w)"]
[Site "Tallinn"]
[Date "2000.01.23"]
[Round "6"]
[White "Rause, Olita"]
[Black "Fomina, Tatjana"]
[Result "0-1"]
[WhiteElo "2249"]
[BlackElo "2289"]
[PlyCount "71"]
[EventDate "2000.01.22"]

1. e4 c5 2. c3 d5 3. exd5 Qxd5 4. d4 e6 5. Nf3 Nf6 6. Be2 Be7 7. O-O O-O 8. Be3
cxd4 9. Nxd4 Rd8 10. Qc2 Nc6 11. Bf3 Qd7 12. Nxc6 bxc6 13. Qa4 Bb7 14. Na3 Qc7
15. Rad1 Nd5 16. Bc1 Bd6 17. g3 Nb6 18. Qh4 Be7 19. Qg4 f5 20. Qh5 g6 21. Qh6
e5 22. Rfe1 e4 23. Be2 Bf6 24. Nc4 Nd5 25. Bg5 Rf8 26. Bxf6 Rxf6 27. Qg5 Raf8
28. f4 Ba6 29. Bf1 Bxc4 30. Bxc4 Qb6+ 31. Kh1 Qxb2 32. Bxd5+ cxd5 33. Rxd5 Qxc3
34. Red1 Qf3+ 35. Kg1 e3 36. Re5 0-1

[Event "Tallinn (w)"]
[Site "Tallinn"]
[Date "2000.01.23"]
[Round "6"]
[White "Stepovaja-Djanchenko, Tatjana"]
[Black "Reizniece, Dana"]
[Result "1-0"]
[WhiteElo "2420"]
[BlackElo "2259"]
[PlyCount "45"]
[EventDate "2000.01.22"]

1. e4 d6 2. d4 Nf6 3. Nc3 g6 4. Nf3 Bg7 5. Be3 O-O 6. Qd2 Nbd7 7. Bh6 e5 8.
Bxg7 Kxg7 9. O-O-O Qe7 10. h3 c6 11. g4 h6 12. Bd3 b5 13. dxe5 dxe5 14. Ne2 Nc5
15. Ng3 Be6 16. g5 hxg5 17. Qxg5 Nxd3+ 18. Rxd3 Qc5 19. Qxe5 Qxf2 20. Nh5+ gxh5
21. Qg5+ Kh7 22. Qxf6 Qc5 23. Rg1 1-0

[Event "Tallinn (w)"]
[Site "Tallinn"]
[Date "2000.01.23"]
[Round "7"]
[White "Reizniece, Dana"]
[Black "Zatonskihh, Anna"]
[Result "1-0"]
[WhiteElo "2259"]
[BlackElo "2336"]
[PlyCount "81"]
[EventDate "2000.01.22"]

1. c4 e6 2. Nf3 Nf6 3. b3 d5 4. Bb2 Be7 5. g3 O-O 6. Bg2 a5 7. O-O a4 8. cxd5
exd5 9. bxa4 Nbd7 10. Nc3 Nb6 11. d3 Bd7 12. Ne5 Nxa4 13. Nxa4 Bxa4 14. Qd2 c5
15. Rfc1 Bd6 16. Rab1 Qe7 17. f4 Ra7 18. Bf3 Re8 19. g4 d4 20. Ba3 Rc8 21. Nc4
b5 22. Nxd6 Qxd6 23. e4 dxe3 24. Qxe3 Rac7 25. Bb2 Nd5 26. Qe4 Rd7 27. Be5 Qb6
28. Qf5 Qe6 29. Be4 g6 30. Qxe6 fxe6 31. Rb2 c4 32. dxc4 bxc4 33. Rb8 Rxb8 34.
Bxb8 c3 35. Bxd5 exd5 36. Rxc3 d4 37. Rd3 Bb5 38. Rd2 d3 39. Kf2 Kf7 40. Be5
Ke6 41. Ke3 1-0